La última filosofía de Ortega y Gasset: en torno a La idea de principio de Leibniz
Guardat en:
| Autors principals: | , |
|---|---|
| Format: | Llibre |
| Idioma: | espanyol |
| Publicat: |
Oviedo
Universidad de Oviedo
2003
|
| Edició: | 1a. ed |
| Col·lecció: | Humanidades
|
| Matèries: | |
| Etiquetes: |
Afegir etiqueta
Sense etiquetes, Sigues el primer a etiquetar aquest registre!
|
MARC
| LEADER | 00000nam a2200000 a 4500 | ||
|---|---|---|---|
| 001 | UCK4676 | ||
| 003 | CL-VaPUC | ||
| 008 | 050617e20030000SP |||||||||||||||||spa|d | ||
| 020 | |a 8483173905 | ||
| 082 | 0 | 4 | |a 196.1 |b ALV |2 21 |
| 100 | |a Alvarez, Lluis Xabel |e author |9 325857 | ||
| 700 | 0 | |a Salas, Jaime de |e author |9 493268 | |
| 245 | 1 | 3 | |a La última filosofía de Ortega y Gasset: en torno a La idea de principio de Leibniz |
| 250 | |a 1a. ed | ||
| 300 | |a 321 p | ||
| 942 | |c BK | ||
| 945 | |d 20050617 00:00:00 |a cmena | ||
| 260 | |a Oviedo |b Universidad de Oviedo |c 2003 | ||
| 650 | 0 | |a Crítica e interpretación |9 255042 | |
| 650 | 0 | |a Filosofía española |9 254895 | |
| 650 | 0 | |a Historia y crítica |9 257407 | |
| 650 | 0 | |a Filosofía moderna |9 258121 | |
| 650 | 0 | |a Escuelas filosóficas |9 266232 | |
| 650 | 0 | |a Filosofía alemana |9 265002 | |
| 650 | 0 | |a Historia de la filosofía |9 256920 | |
| 583 | |a last modification |c 20050617 00:00:00 |k Rodrigo Vera | ||
| 490 | 0 | |a Humanidades | |
| 999 | |c 313493 |d 313491 | ||
| 952 | |0 0 |1 0 |4 0 |6 196_100000000000000_ALV_2003 |7 0 |8 A |9 384877 |a BIBEDU |b BIBEDU |d 2019-11-22 |i 4138279 |o 196.1 ALV 2003 |p 4138279 |r 2019-11-22 |w 2019-11-22 |y BK |k FIL | ||